000 00588nam a2200229 i 4500
001 C2-0010591
003 PPAK
005 20190630221906.0
008 970128s1984 enk |||| ||||| | eng d
020 _a0709905505
040 _aPPAK
_beng
_cPPAK
_erda
082 0 4 _a327.550567
_223
090 0 0 _a327.550567
_bABD
_dR
100 1 _aAbdulghani, J.M.,
_eauthor
245 1 0 _aIraq and Iran
264 1 _aLondon :
_bCroom Helm ,
_c1984
300 _a270 pages ;
_c27 cm
336 _2rdacontent
_atext
337 _2rdamedia
_aunmediated
338 _2rdacarrier
_avolume
942 _ddc
_cB
999 _c2706
_d2706